| 000 | 00549nam a22002057a 4500 | ||
|---|---|---|---|
| 003 | OSt | ||
| 005 | 20140310182830.0 | ||
| 008 | 130603t xxu||||| |||| 00| 0 eng d | ||
| 020 | _a9810048297 | ||
| 050 |
_aHG 8751 _b.G614 1993 |
||
| 082 |
_aM 368.3 _bG55 1993 |
||
| 245 |
_a55 Reasons Why People Buy Life Insurance _cGoh, Andrew |
||
| 260 |
_aSingapore _bAchievement Growth Consultancy PTE LTD. _cc1993 |
||
| 300 | _a55 p. | ||
| 521 | _acollege students | ||
| 526 | _c1210L-1700L | ||
| 541 | _j1 | ||
| 562 | _e1 | ||
| 942 |
_2lcc _cBK _kM |
||
| 999 |
_c16614 _d16614 |
||